A Quiz About Crime - Statistics

General Stats
  • This quiz has been taken 27 times
  • The average score is 8 of 16
Answer Stats
Hint Answer % Correct
American gangster who led the Chicago Outfit during Prohibition Al Capone
96%
Execution device used during French Revolution for criminals Guillotine
92%
British detective with deerstalker hat and magnifying glass Sherlock Holmes
88%
Infamous Colombian drug lord who ran the Medellín Cartel Pablo Escobar
77%
Novel about serial killer Hannibal Lecter and FBI trainee Clarice Starling Silence of the Lambs
69%
Belgian detective created by Agatha Christie Hercule Poirot
65%
American serial killer known as Milwaukee Cannibal Jeffrey Dahmer
65%
Creator of investment scam paying old investors with new investors’ money Charles {Ponzi}
58%
Iconic submachine gun used by gangsters during Prohibition Thompson submachine gun
46%
Notorious New York mafia boss nicknamed "Teflon Don" John Gotti
35%
2016 massive leak exposing offshore tax evasion schemes of politicians {Panama} Papers
27%
Novel about private detective Sam Spade hunting for a priceless statuette Maltese Falcon
23%
Author of Swedish crime novel featuring Mikael Blomkvist and Lisbeth Salander Stieg Larsson
15%
Private detective in Harlem, famous for trench coat and tough attitude John Shaft
12%
Ukrainian-born Soviet serial killer known as “Butcher of Rostov” Andrei Chikatilo
0%
Japanese cult leader behind Tokyo subway sarin attack Shoko Asahara
0%
No matching quizzes found
Score Distribution
Percent of People with Each Score
Percentile by Number Answered
Your Score History
You have not taken this quiz